000 00809nam a2200169 a 4500
001 000037294
005 20200930080254.0
008 120321s1981 sp 000 0 spa d
020 _a8400048032
245 0 3 _aLa calidad de la educación :
_bexigencias científicas y condicionamientos individuales y sociales : [ponencias de un seminario] / [organizado por la] Escuela Asturiana de Estudios Hispánicos.
260 _aMadrid :
_bConsejo Superior de Investigaciones Científicas :
_bInstituto de Pedagogía "San José de Calasanz",
_c1981.
300 _a244 p. ;
_c24 cm.
504 _aIncluye referencias bibliográficas y notas al pie de las páginas
710 2 _aEscuela Asturiana de Estudios Hispánicos
_963733
830 0 _aConsejo Superior de Investigaciones Científicas,
_963734
999 _c36784
_d36784
040 _aDO-SdBNP